| 000 | 01529cam a22003854a 4500 | ||
|---|---|---|---|
| 001 | muse85084 | ||
| 003 | MdBmJHUP | ||
| 005 | 20210127151628.0 | ||
| 006 | m o d | ||
| 007 | cr||||||||nn|n | ||
| 008 | 190419s1977 mx o 00 0 spa d | ||
| 020 | _a9786076284018 | ||
| 020 | _z9681200225 | ||
| 020 | _z9789681200220 | ||
| 020 | _z9681200250 | ||
| 020 | _z9681200713 | ||
| 020 | _z9789681200718 | ||
| 020 | _z9681200755 | ||
| 035 | _a(OCoLC)1078915095 | ||
| 040 |
_aMdBmJHUP _cMdBmJHUP |
||
| 041 | _aspa | ||
| 245 | 0 | 0 |
_aHistoria de la Revolución Mexicana, 1924-1928 _bestado y sociedad con Calles / _cJean Meyer... [et al.]. |
| 300 | _a1 online resource (v.) | ||
| 505 | 0 | _aCONTENIDO: v. 11.Estado y sociedad con calles . -- v. 12.Los inicios de la institucionalización . -- v. 13. El conflicto social y los gobiernos del maximatoL . -- v. 19. Mexico en la segunda guerra mundialL. -- v. 22. El afianzamiento de la estabilidad política .. -- v. 20. Civilismo y modernización del autoritarismo. | |
| 506 | 0 |
_aOpen Access _fUnrestricted online access _2star |
|
| 588 | _aDescription based on print version record. | ||
| 651 | 0 |
_aMexico _xHistoria _xRevolución, 1910-. |
|
| 655 | 7 |
_aElectronic books. _2local |
|
| 710 | 2 |
_aProject Muse. _edistributor |
|
| 830 | 0 | _aBook collections on Project MUSE. | |
| 856 | 4 | 0 |
_zFull text available: _uhttps://muse.jhu.edu/book/74651/ |
| 999 |
_c26457 _d26457 |
||